An advanced history of modern India : (Record no. 164039)

MARC details
000 -LEADER
fixed length control field 00612nam a2200193 4500
005 - DATE AND TIME OF LATEST TRANSACTION
control field 20190508174840.0
010 ## - LCCN (DPL NO)
LC control number ENG-125145
020 ## - INTERNATIONAL STANDARD BOOK NUMBER
International Standard Book Number 9789380036984
Terms of availability 600.00
035 ## - SYSTEM CONTROL NUMBER
System control number EN-108677
037 ## - SOURCE OF ACQUISITION
Source of stock number/acquisition DBAD/PUB
082 ## - DEWEY DECIMAL CLASSIFICATION NUMBER
Classification number 954.03
100 ## - MAIN ENTRY--PERSONAL NAME
Personal name Mukhopadhyay, Subodh Kumar
245 ## - TITLE STATEMENT
Title An advanced history of modern India :
Remainder of title from bondage to freedom and after 1818-2000CE
Statement of responsibility, etc by Subodh Kumar Mukhopadhaya
260 ## - PUBLICATION, DISTRIBUTION, ETC. (IMPRINT)
Place of publication, distribution, etc Kolkata
Name of publisher, distributor, etc Mitram
Date of publication, distribution, etc 2018
270 ## - ADDRESS
Address 37, College Street
City Kolkata
Postal code 700073
300 ## - PHYSICAL DESCRIPTION
Extent 792p.
Dimensions 22cm(pbk)
500 ## - GENERAL NOTE
General note Includes index
942 ## - ADDED ENTRY ELEMENTS (KOHA)
Source of classification or shelving scheme Dewey Decimal Classification
Item type English Books
Classification part 954.03
Call number suffix MUK
Holdings
Withdrawn status Lost status Not for loan Collection code Home library Current library Date acquired Source of acquisition Cost, normal purchase price Full call number Barcode Copy number Cost, replacement price Koha item type
    Not For Loan Non-fiction D.B.Act.Division Central Library 08/05/2019 DBAD/PUB 600.00 954.03 MUK EN-108677 1 600.00 English Books

© Delhi Public Library
Hit Counter
free hit counter